[Event "Plymouth (MI Op/3/33)"]
[Site "?"]
[Date "1984.??.??"]
[Round "?"]
[White "Dmuchowski, Frank"]
[Black "Bohley, D.."]
[Result "0-1"]
[WhiteElo "1605"]
[BlackElo "2020"]
[PlyCount "120"]
[EventDate "1984.??.??"]

{3/(33)} 1. e4 d6 2. Nf3 Nf6 3. Nc3 Nc6 4. Bb5 a6 5. Ba4 b5 6. Bb3 Bg4 7. d3
Nd4 8. Nd5 e6 9. Ne3 Bxf3 10. gxf3 Nxb3 11. axb3 Be7 12. c4 O-O 13. Ng4 Qd7 14.
Rg1 Kh8 15. f4 d5 16. e5 Bb4+ 17. Bd2 Bxd2+ 18. Qxd2 Nxg4 19. Rxg4 dxc4 20.
bxc4 bxc4 21. dxc4 Qc6 22. Rg1 Rfd8 23. Qc3 Qe4+ 24. Qe3 Qxc4 25. Rc1 Qb4+ 26.
Ke2 Qxb2+ 27. Kf3 Qb7+ 28. Kg3 Qb6 29. Rb1 Qxe3+ 30. fxe3 Rab8 31. Rgc1 Rxb1
32. Rxb1 a5 33. Rb7 Ra8 34. Rxc7 Kg8 35. Rc3 a4 36. Ra3 Kf8 37. Kf3 Ke7 38. Ke4
f6 39. exf6+ gxf6 40. Kd4 Kd6 41. Kc4 e5 42. f5 Kc6 43. e4 Rd8 44. Rh3 Rd4+ 45.
Kc3 Rxe4 46. Rxh7 Rf4 47. Ra7 Kd5 48. Ra5+ Ke4 49. Rxa4+ Kxf5 50. Ra2 Kg4 51.
Rg2+ Kh3 52. Re2 Kg4 53. Kd2 Ra4 54. Ke1 e4 55. Kf2 f5 56. Kg2 f4 57. h3+ Kf5
58. Kf2 Ra3 59. h4 Rh3 60. Ra2 Rh2+ 0-1

[Event "Plymouth (MI Op/6/68)"]
[Site "?"]
[Date "1984.??.??"]
[Round "?"]
[White "Dinda, B.."]
[Black "West, J.."]
[Result "1-0"]
[WhiteElo "1605"]
[BlackElo "1605"]
[PlyCount "63"]
[EventDate "1984.??.??"]

{6/(68)} 1. e4 e5 2. Nc3 Nf6 3. Bc4 Nc6 4. d3 Bb4 5. f4 d6 6. f5 d5 7. exd5
Nxd5 8. Qh5 g6 9. fxg6 fxg6 10. Qf3 Be6 11. Nge2 Rf8 12. Qg3 Be7 13. h4 Nd4 14.
Nxd4 exd4 15. Ne4 Bb4+ 16. Bd2 Qe7 17. c3 dxc3 18. bxc3 Nxc3 19. Bxe6 Qxe6 20.
Qe3 Qe7 21. a3 Nd5 22. Qd4 Bxd2+ 23. Kxd2 Nf4 24. Qa4+ c6 25. Rae1 Qg7 26. Nc5+
Kd8 27. Qb4 Nd5 28. Ne6+ Kd7 29. Qxb7+ Ke8 30. Nxg7+ Kd8 31. Ne6+ Ke8 32. Qxa8+
1-0

[Event "Plymouth (MI Op/2/78)"]
[Site "?"]
[Date "1984.??.??"]
[Round "?"]
[White "Dinda, B.."]
[Black "Shields, B.."]
[Result "1-0"]
[WhiteElo "1605"]
[BlackElo "1605"]
[PlyCount "135"]
[EventDate "1984.??.??"]

{2/(78)} 1. e4 c5 2. Bc4 d6 3. Nc3 Nf6 4. d3 g6 5. Bg5 Bg7 6. Nge2 O-O 7. Ng3
Ng4 8. Qd2 Nc6 9. h3 Nge5 10. Bh6 Nd4 11. O-O-O e6 12. Bxg7 Kxg7 13. f4 Nec6
14. a3 a6 15. Nce2 b5 16. Nxd4 Nxd4 17. Ba2 a5 18. c3 Qh4 19. Nf1 Nc6 20. g3
Qf6 21. Nh2 b4 22. Ng4 Qe7 23. h4 f5 24. Nf2 bxa3 25. bxa3 a4 26. h5 Na5 27.
h6+ Kh8 28. c4 Qf6 29. Qb2 Qxb2+ 30. Kxb2 Bb7 31. Rhe1 Rfb8 32. Kc2 Nc6 33.
exf5 Nd4+ 34. Kc1 gxf5 35. Nh3 Rg8 36. Ng5 Rg6 37. Nf7+ Kg8 38. Nxd6 Bf3 39.
Rd2 Rb8 40. Nb5 Nxb5 41. cxb5 Bd5 42. Bc4 Rxh6 43. Rg1 Bf3 44. d4 Bd5 45. Bxd5
exd5 46. dxc5 Rxb5 47. Rxd5 Rf6 48. g4 fxg4 49. Rxg4+ Kf7 50. f5 h5 51. Rxa4
Rh6 52. Rb4 Rxb4 53. axb4 h4 54. Rd2 h3 55. Rh2 Rh4 56. Kc2 Rxb4 57. Rxh3 Rc4+
58. Rc3 Re4 59. c6 Re8 60. Rc5 Rc8 61. c7 Ke7 62. Kd3 Kd6 63. Kd4 Rxc7 64. Rxc7
Kxc7 65. Ke5 Kd7 66. f6 Ke8 67. Ke6 Kf8 68. f7 1-0

[Event "Plymouth (MI Op/4/77)"]
[Site "?"]
[Date "1984.??.??"]
[Round "?"]
[White "Dinda, B.."]
[Black "Serwatowski, Felix"]
[Result "1-0"]
[WhiteElo "1605"]
[BlackElo "1605"]
[PlyCount "31"]
[EventDate "1984.??.??"]

{4/(77)} 1. e4 e5 2. Nc3 Nf6 3. Bc4 Bc5 4. d3 O-O 5. f4 Nc6 6. Nge2 d6 7. f5
Ng4 8. Ng3 Nf2 9. Qh5 Nxh1 10. Nxh1 Na5 11. Bg5 Qe8 12. f6 Nxc4 13. dxc4 Bb4
14. fxg7 Kxg7 15. Qh6+ Kh8 16. Bf6+ 1-0

[Event "Plymouth (MI Op/7/40)"]
[Site "?"]
[Date "1984.??.??"]
[Round "?"]
[White "Dinda, B.."]
[Black "Hendricks, Marcus"]
[Result "0-1"]
[WhiteElo "1605"]
[BlackElo "1805"]
[PlyCount "69"]
[EventDate "1984.??.??"]

{7/(40)} 1. e4 c5 2. Bc4 Nc6 3. Nc3 Nf6 4. d3 g6 5. Bg5 Bg7 6. f4 d6 7. Bb5 O-O
8. Bxc6 bxc6 9. Nge2 Rb8 10. Bxf6 Bxf6 11. Rb1 Bh4+ 12. Ng3 Qd7 13. O-O Bf6 14.
f5 d5 15. Qg4 Kh8 16. Qf4 Ba6 17. e5 g5 18. e6 gxf4 19. exd7 fxg3 20. hxg3 Rg8
21. Ne2 Rxb2 22. Rxb2 Bxb2 23. Rb1 Be5 24. g4 Rd8 25. g5 Rxd7 26. Kf2 Kg7 27.
Rh1 Rb7 28. g4 Rb2 29. Rh6 Rxc2 30. Kf3 Bxd3 31. Nf4 Be4+ 32. Kg3 Rg2+ 33. Kh3
Bxf4 34. f6+ exf6 35. Rxf6 0-1

[Event "Plymouth (MI Op/4/54)"]
[Site "?"]
[Date "1984.??.??"]
[Round "?"]
[White "DeJongh, John"]
[Black "Lloyd, J.."]
[Result "0-1"]
[WhiteElo "1605"]
[BlackElo "1855"]
[PlyCount "86"]
[EventDate "1984.??.??"]

{4/(54)} 1. d4 f5 2. g3 e6 3. Bg2 Nf6 4. Nf3 Be7 5. Nc3 O-O 6. Bf4 d6 7. Bd2
Nc6 8. e3 e5 9. d5 Nb4 10. Bc1 e4 11. Ng1 c6 12. dxc6 bxc6 13. a3 Na6 14. Nge2
Nc7 15. O-O Rb8 16. b3 Ba6 17. Re1 c5 18. Nf4 Qd7 19. Bb2 d5 20. h3 Bb7 21. Bf1
Rbd8 22. a4 a6 23. a5 Qc6 24. Qe2 Rfe8 25. Bg2 Bd6 26. Na4 Be5 27. Bxe5 Rxe5
28. c3 Qe8 29. Bf1 Bc6 30. Nxc5 Qe7 31. Nxa6 Bb5 32. Qb2 Bxa6 33. b4 Rb8 34.
Bxa6 Nxa6 35. b5 Nc5 36. Qb4 Qc7 37. b6 Qc6 38. Red1 g5 39. Ne2 Nd3 40. Qd4
Ree8 41. Rdb1 Nd7 42. Rd1 N7e5 43. Rab1 Nf3+ 0-1

[Event "Plymouth (MI Op/7/76)"]
[Site "?"]
[Date "1984.??.??"]
[Round "?"]
[White "DeJongh, John"]
[Black "Fawaz, Mohamad"]
[Result "1-0"]
[WhiteElo "1605"]
[BlackElo "1605"]
[PlyCount "121"]
[EventDate "1984.??.??"]

{7/(76)} 1. d4 d5 2. c4 Nf6 3. Nc3 dxc4 4. e3 Be6 5. Nf3 g6 6. Ng5 Bg4 7. f3
Bh6 8. fxg4 Bxg5 9. Bxc4 O-O 10. O-O Qd7 11. h3 Nc6 12. b3 e5 13. dxe5 Qxd1 14.
Rxd1 Nxe5 15. e4 Bxc1 16. Raxc1 Nxc4 17. bxc4 Rfe8 18. Re1 c6 19. Re2 Rad8 20.
e5 Nd7 21. Rd1 Nc5 22. Rde1 Rd4 23. Ne4 Rxc4 24. Nf6+ Kf8 25. Nxe8 Kxe8 26. Rf1
Ke7 27. Ref2 Ke6 28. Rxf7 Kxe5 29. Rxh7 Rf4 30. Rc1 Kd5 31. Rg7 Ra4 32. Rxg6
Rxa2 33. Rg5+ Kd6 34. Rgxc5 a5 35. g5 a4 36. Ra5 b5 37. g6 Ra3 38. Ra6 b4 39.
Raxc6+ Kd5 40. Rb6 Rg3 41. Rxb4 a3 42. Ra4 Ke6 43. Ra1 Kf6 44. R4xa3 Rxg6 45.
Ra6+ Kg5 46. Rxg6+ Kxg6 47. Rf1 Kg5 48. g3 Kh5 49. Rf5+ Kg6 50. g4 Kh6 51. h4
Kg6 52. h5+ Kh6 53. Kg2 Kg7 54. Kg3 Kh7 55. g5 Kg7 56. Kg4 Kh7 57. Rf7+ Kg8 58.
g6 Kh8 59. h6 Kg8 60. Rf6 Kh8 61. Rf8# 1-0

[Event "Plymouth (MI Op/4/61)"]
[Site "?"]
[Date "1984.??.??"]
[Round "?"]
[White "Davis, J.."]
[Black "Howell, P.."]
[Result "0-1"]
[WhiteElo "1750"]
[BlackElo "1605"]
[PlyCount "112"]
[EventDate "1984.??.??"]

{4/(61)} 1. e4 c5 2. f4 e6 3. Nf3 d5 4. e5 f6 5. exf6 Nxf6 6. d3 Bd6 7. Be2 Qc7
8. g3 Nc6 9. O-O O-O 10. Na3 a6 11. c4 d4 12. Nh4 e5 13. fxe5 Nxe5 14. Bf4 Neg4
15. Bxd6 Qxd6 16. Ng2 Bd7 17. Bf3 Qc7 18. Qd2 Rae8 19. b4 b6 20. bxc5 bxc5 21.
Nc2 Re7 22. Rab1 Bc6 23. Bxc6 Qxc6 24. h3 Rfe8 25. Rbe1 Rxe1 26. Rxe1 Ne5 27.
Kf2 Qf3+ 28. Kg1 Qxg3 29. Rxe5 Qxe5 30. Qa5 Qd6 31. Qd2 Nh5 32. Qg5 Re5 33. Qg4
Qe6 34. Qf3 Rf5 35. Qg4 Qf6 36. Qe2 Ng3 37. Qe8+ Qf8 38. Qe6+ Rf7 39. Nce1 Qe7
40. Qd5 Ne2+ 41. Kh1 Qd7 42. Qxd7 Rxd7 43. Nh4 Nc1 44. a3 Re7 45. Nhg2 Re2 46.
Kh2 Ra2 47. Kg3 Rxa3 48. Nf4 Kf7 49. h4 a5 50. Kf3 Ke7 51. Ke4 Kd6 52. Nh5 g6
53. Nf6 Ra2 54. Kf3 h6 55. Ne4+ Kc6 56. Kf4 Re2 0-1

[Event "Plymouth (MI Op/2/57)"]
[Site "?"]
[Date "1984.??.??"]
[Round "?"]
[White "Davis, J.."]
[Black "Halstead, Kevin"]
[Result "0-1"]
[WhiteElo "1750"]
[BlackElo "1605"]
[PlyCount "90"]
[EventDate "1984.??.??"]

{2/(57)} 1. e4 e5 2. Nf3 Nc6 3. Bb5 a6 4. Ba4 Nf6 5. O-O Bc5 6. d3 d6 7. Bg5 h6
8. Bh4 g5 9. Bg3 Nh5 10. Nxe5 Nxg3 11. Bxc6+ bxc6 12. Nxf7 Kxf7 13. Qf3+ Qf6
14. Qxg3 Qxb2 15. Nd2 Qxc2 16. Nb3 Bb6 17. Rfc1 Qb2 18. d4 Be6 19. Qf3+ Ke7 20.
e5 dxe5 21. dxe5 Rhf8 22. Qxc6 Bxf2+ 23. Kh1 Qxe5 24. Qxc7+ Qxc7 25. Rxc7+ Kd6
26. Rh7 Rf6 27. Nd2 Bd5 28. Rd1 Ke6 29. a3 Raf8 30. Rc7 Be3 31. h3 Rf2 32. Nf3
R2xf3 33. gxf3 Bxf3+ 34. Kh2 Bxd1 35. Rc6+ Kd5 36. Rxa6 Rf2+ 37. Kg3 Ke4 38.
Rxh6 Rf1 39. Re6+ Kd4 40. Re8 Kd3 41. Rh8 Ke2 42. Ra8 Bf4+ 43. Kg2 Rf2+ 44. Kg1
Bh2+ 45. Kh1 Kf1 0-1

[Event "Plymouth (MI Op/5/71)"]
[Site "?"]
[Date "1984.??.??"]
[Round "?"]
[White "Davis, J.."]
[Black "Fletcher, G.."]
[Result "1/2-1/2"]
[WhiteElo "1750"]
[BlackElo "1605"]
[PlyCount "114"]
[EventDate "1984.??.??"]

{5/(71)} 1. e4 e5 2. Nf3 Nc6 3. Bb5 a6 4. Ba4 b5 5. Bb3 Nf6 6. O-O Bc5 7. d3 d6
8. h3 O-O 9. c3 h6 10. Re1 Bb7 11. a3 Ne7 12. Bc2 d5 13. exd5 Bxd5 14. Nxe5 Re8
15. d4 Bd6 16. Ng4 Nxg4 17. Qxg4 Be6 18. Qf3 Nd5 19. Rf1 Bc8 20. Be4 Bb7 21.
Bxd5 Bxd5 22. Qg4 Be6 23. Qd1 Qd7 24. f4 Rad8 25. b4 c5 26. bxc5 Bxc5 27. Bb2
Bd6 28. Qf3 Bc4 29. Nd2 Bxf1 30. Nxf1 Qf5 31. a4 Qxf4 32. Qxf4 Bxf4 33. axb5
axb5 34. Ra5 Bc7 35. Rxb5 Rb8 36. Rxb8 Rxb8 37. Ba3 Rc8 38. Bb4 Ra8 39. Kf2 Ba5
40. Bxa5 Rxa5 41. Ne3 Kf8 42. Kf3 Ke7 43. c4 Kd7 44. c5 Kc6 45. g4 g6 46. h4
Ra4 47. Ke4 f6 48. h5 gxh5 49. gxh5 Ra1 50. Nf5 Re1+ 51. Kd3 Rh1 52. Nxh6 Rxh5
53. Ng8 Rxc5 54. Nxf6 Rf5 55. Ng4 Rd5 56. Ne5+ Kd6 57. Nc4+ Ke6 1/2-1/2

[Event "Plymouth (MI Op/2/77)"]
[Site "?"]
[Date "1984.??.??"]
[Round "?"]
[White "Dautremont, J.."]
[Black "Bolda, M.."]
[Result "1-0"]
[WhiteElo "1620"]
[BlackElo "1605"]
[PlyCount "61"]
[EventDate "1984.??.??"]

{2/(77)} 1. e4 c5 2. g3 Nc6 3. Bg2 Nf6 4. f4 d6 5. Ne2 Bg4 6. c3 g6 7. O-O Qd7
8. d3 Bh3 9. Nd2 Bxg2 10. Kxg2 Ng4 11. Nc4 e5 12. h3 Nh6 13. Ne3 f5 14. Nd5
O-O-O 15. b4 Ne7 16. bxc5 dxc5 17. c4 Nxd5 18. exd5 e4 19. Rb1 Qe7 20. Nc3 Bg7
21. Nb5 a6 22. Na7+ Kc7 23. Qb3 Rb8 24. Qb6+ Kd7 25. Nc6 Qf7 26. Nxb8+ Rxb8 27.
Qxc5 Qe8 28. Re1 Bc3 29. Re2 Rc8 30. Rxb7+ Kd8 31. Qb6+ 1-0

[Event "Plymouth (MI Op/5/22)"]
[Site "?"]
[Date "1984.??.??"]
[Round "?"]
[White "Darbro, D.."]
[Black "Youssef, I.."]
[Result "0-1"]
[WhiteElo "1850"]
[BlackElo "2115"]
[PlyCount "44"]
[EventDate "1984.??.??"]

{5/(22)} 1. e4 d5 2. exd5 Nf6 3. Bb5+ Bd7 4. Bxd7+ Qxd7 5. Nc3 Nxd5 6. Nxd5
Qxd5 7. Nf3 Nc6 8. O-O O-O-O 9. d3 e5 10. Qe2 f6 11. Bd2 g5 12. Bc3 h5 13. Rfd1
h4 14. Qe4 Qd7 15. Qa4 g4 16. Nd2 g3 17. fxg3 Bc5+ 18. Kf1 hxg3 19. h3 Rxh3 20.
Nf3 Rh1+ 21. Ke2 Rxd1 22. Rxd1 Nd4+ 0-1

[Event "Plymouth (MI Op/3/73)"]
[Site "?"]
[Date "1984.??.??"]
[Round "?"]
[White "Darbro, D.."]
[Black "Wynn, M.."]
[Result "1-0"]
[WhiteElo "1850"]
[BlackElo "1635"]
[PlyCount "87"]
[EventDate "1984.??.??"]

{3/(73)} 1. e4 c6 2. d4 d5 3. exd5 cxd5 4. Nf3 Nf6 5. Bd3 Nc6 6. c3 e6 7. Bf4
Bd6 8. Bxd6 Qxd6 9. Nbd2 O-O 10. O-O e5 11. dxe5 Nxe5 12. Nxe5 Qxe5 13. Nf3 Qd6
14. Qc2 h6 15. h3 Be6 16. Rfe1 Rac8 17. Nd4 a6 18. Re2 Rfe8 19. Rae1 Bd7 20.
Nf5 Bxf5 21. Rxe8+ Rxe8 22. Rxe8+ Nxe8 23. Bxf5 g6 24. Bg4 Nf6 25. Bf3 b5 26.
Qd2 h5 27. Qd4 Qe6 28. Kf1 Ne4 29. Bxe4 Qxe4 30. Qxe4 dxe4 31. b3 f5 32. Ke2 f4
33. h4 Kf7 34. g3 fxg3 35. fxg3 Ke6 36. c4 bxc4 37. bxc4 Kd6 38. Ke3 Kc5 39.
Kxe4 Kxc4 40. Kf4 Kc3 41. Kg5 Kb2 42. Kxg6 Kxa2 43. Kxh5 Kb3 44. Kg5 1-0

[Event "East Detroit (MCO/6/19)"]
[Site "?"]
[Date "1984.??.??"]
[Round "?"]
[White "Darbro, D.."]
[Black "Vedua, J.."]
[Result "1-0"]
[WhiteElo "1850"]
[BlackElo "1605"]
[PlyCount "151"]
[EventDate "1984.??.??"]

{6/(19)} 1. e4 e5 2. Nf3 Nc6 3. Bc4 d6 4. c3 Bg4 5. d3 Be7 6. Be3 Nf6 7. h3 Bh5
8. Nbd2 h6 9. O-O O-O 10. b4 a6 11. Qc2 Qc8 12. Nh2 Bd8 13. f4 exf4 14. Bxf4
Ne5 15. Bb3 Bg6 16. Ndf3 Nxf3+ 17. Nxf3 Bh5 18. Qd2 Kh7 19. Nd4 Ng8 20. Nf5 Bf6
21. Bd1 Bg6 22. Be3 Qd8 23. g4 Bg5 24. Rf2 Bxe3 25. Qxe3 Bxf5 26. Rxf5 Qh4 27.
Bb3 Qe7 28. Raf1 f6 29. h4 b6 30. Qf3 Rab8 31. g5 Qd7 32. Bxg8+ Kxg8 33. gxh6
Rf7 34. hxg7 Rxg7+ 35. Kf2 Rf8 36. Rg1 Rxg1 37. Kxg1 Qg7+ 38. Qg2 Kf7 39. Qxg7+
Kxg7 40. Kf2 Kg6 41. h5+ Kf7 42. Rf3 Rh8 43. Rh3 Kg7 44. Kf3 Kh6 45. Kf4 Kg7
46. Kf5 Kf7 47. h6 Rh7 48. d4 c6 49. e5 fxe5 50. dxe5 dxe5 51. Kxe5 c5 52. bxc5
bxc5 53. Kd5 Kg8 54. Kxc5 Rb7 55. h7+ Kh8 56. a4 Rb3 57. Kc4 Rb6 58. Rh5 Rb7
59. Kd4 Rd7+ 60. Rd5 Rf7 61. c4 Rxh7 62. Rd6 Ra7 63. Kc5 Kg7 64. Kb6 Ra8 65.
Kb7 Re8 66. Kxa6 Kf7 67. Kb7 Re4 68. Rc6 Ke7 69. a5 Kd8 70. Rc8+ Kd7 71. a6 Re1
72. Rc5 Rb1+ 73. Rb5 Rc1 74. a7 Rxc4 75. a8=Q Rc7+ 76. Ka6 1-0

[Event "East Detroit (MCO/5/21)"]
[Site "?"]
[Date "1984.??.??"]
[Round "?"]
[White "Darbro, D.."]
[Black "Steen, Harold"]
[Result "1-0"]
[WhiteElo "1850"]
[BlackElo "1620"]
[PlyCount "91"]
[EventDate "1984.??.??"]

{5/(21)} 1. e4 d6 2. Nc3 Nf6 3. g3 g6 4. Bg2 Bg7 5. d3 O-O 6. h3 c5 7. Be3 Nc6
8. Qd2 Qa5 9. Bh6 Be6 10. Bxg7 Kxg7 11. Nge2 Rac8 12. O-O b5 13. a3 a6 14. f4
Nd4 15. Rad1 b4 16. Nxd4 cxd4 17. Ne2 Qc5 18. axb4 Qh5 19. Nxd4 Bxh3 20. c3 Ng4
21. Rde1 e5 22. Nc2 exf4 23. Rxf4 Bxg2 24. Qxg2 Rce8 25. Qh1 Qg5 26. Qh4 Qxh4
27. gxh4 Ne5 28. Rd1 h6 29. Ne3 Rc8 30. Kf1 Rfe8 31. Ke2 Re7 32. Kd2 Rb7 33.
Ra1 Rc6 34. d4 Nd7 35. d5 Rcc7 36. Rxa6 Nb6 37. Kd3 f6 38. b3 h5 39. Nc4 Nxc4
40. bxc4 Rd7 41. c5 dxc5 42. bxc5 Rf7 43. c6 Ra7 44. Rxa7 Rxa7 45. d6 Kf7 46.
c7 1-0

[Event "Plymouth (MI Op/1a/10)"]
[Site "?"]
[Date "1984.??.??"]
[Round "?"]
[White "Darbro, D.."]
[Black "Mazuchowski, Tom"]
[Result "0-1"]
[WhiteElo "1850"]
[BlackElo "2115"]
[PlyCount "111"]
[EventDate "1984.??.??"]

1. e4 e5 2. Nc3 Nf6 3. f4 d5 4. fxe5 Nxe4 5. d3 Nxc3 6. bxc3 d4 7. Bd2 Nc6 8.
Nf3 Bc5 9. cxd4 Bxd4 10. Nxd4 Qxd4 11. c3 Qxe5+ 12. Qe2 Qxe2+ 13. Bxe2 Be6 14.
O-O O-O-O 15. Bf4 Rhe8 16. d4 Ne7 17. Bf3 Bd5 18. Bg4+ f5 19. Bf3 Bxf3 20. Rxf3
Ng6 21. Bg5 Rd5 22. Raf1 h6 23. Bc1 Re2 24. R3f2 Rxf2 25. Rxf2 Ne7 26. Bf4 Rb5
27. Be5 Rb1+ 28. Rf1 Rxf1+ 29. Kxf1 g6 30. c4 c6 31. Ke2 Kd7 32. h4 Ke6 33. Bf4
h5 34. g3 b5 35. d5+ cxd5 36. cxb5 d4 37. Bb8 Nc8 38. Kd3 Kd5 39. Bf4 Kc5 40.
Be5 Kxb5 41. Bxd4 a5 42. Bc3 Nd6 43. Be5 Ne4 44. Kc2 Kb4 45. Kb2 a4 46. Bf4 Kc4
47. Ka3 Kb5 48. Kb2 Kb4 49. Be5 g5 50. hxg5 Nxg5 51. a3+ Kc4 52. Kc2 Nf3 53.
Bc7 Nd4+ 54. Kb2 Kd3 55. Be5 Nf3 56. Kc1 0-1

[Event "East Detroit (MCO/2/25)"]
[Site "?"]
[Date "1984.??.??"]
[Round "?"]
[White "Darbro, D.."]
[Black "Griffin, John"]
[Result "1/2-1/2"]
[WhiteElo "1850"]
[BlackElo "1605"]
[PlyCount "54"]
[EventDate "1984.??.??"]

{2/(25)} 1. e4 c5 2. Nc3 Nc6 3. g3 e6 4. Bg2 a6 5. d3 Nf6 6. f4 d6 7. Nf3 Qc7
8. O-O Nd4 9. h3 Bd7 10. g4 Bc6 11. Be3 Nxf3+ 12. Bxf3 g6 13. Qd2 b5 14. Rae1
O-O-O 15. f5 h6 16. Bg2 exf5 17. exf5 g5 18. Nd1 d5 19. Qf2 d4 20. Bd2 Bd6 21.
Bxc6 Qxc6 22. Qg2 Qxg2+ 23. Kxg2 Nd5 24. Re2 Rde8 25. Rfe1 Kd7 26. Nf2 Rxe2 27.
Rxe2 Re8 1/2-1/2

[Event "Plymouth (MI Op/7/22)"]
[Site "?"]
[Date "1984.??.??"]
[Round "?"]
[White "Darbro, D.."]
[Black "Foote, F.."]
[Result "1/2-1/2"]
[WhiteElo "1850"]
[BlackElo "2045"]
[PlyCount "131"]
[EventDate "1984.??.??"]

{7/(22)} 1. e4 Nf6 2. Nc3 d5 3. exd5 Nxd5 4. Nxd5 Qxd5 5. Nf3 Bg4 6. Be2 Nc6 7.
h3 Bh5 8. d3 e5 9. Be3 Be7 10. O-O O-O 11. Re1 Rad8 12. Nd2 Bxe2 13. Qxe2 f5
14. Nb3 a5 15. a4 Bb4 16. Bd2 Bxd2 17. Qxd2 e4 18. Rad1 exd3 19. Qc3 Qf7 20.
Rxd3 Rxd3 21. Qxd3 Rd8 22. Qb5 Nb4 23. Nd4 b6 24. Nxf5 Kf8 25. Ne3 Rd2 26. Re2
c6 27. Qxb4+ axb4 28. Rxd2 b3 29. c4 Qa7 30. Kf1 Qxa4 31. Ke2 b5 32. cxb5 Qxb5+
33. Rd3 c5 34. Kd2 c4 35. Rc3 Qd7+ 36. Ke2 Qd4 37. Nd1 Qe4+ 38. Ne3 Qe5 39. Kd2
Qd4+ 40. Kc1 Qf4 41. Rxc4 Qxf2 42. Rc3 Qe1+ 43. Nd1 Qg1 44. Rf3+ Ke7 45. Rf2 h5
46. Kd2 g5 47. Re2+ Kf6 48. Ne3 Qb1 49. Nd1 Kf5 50. Rf2+ Ke5 51. Re2+ Kf4 52.
Ke1 Qc1 53. Rf2+ Kg3 54. Re2 g4 55. hxg4 hxg4 56. Rd2 Kh2 57. Re2 g3 58. Rd2
Kg1 59. Re2 Qb1 60. Kd2 Qc2+ 61. Ke1 Kh1 62. Ne3 Qc1+ 63. Nd1 Kg1 64. Rd2 Qc4
65. Re2 Qb4+ 66. Rd2 1/2-1/2

[Event "East Detroit (MCO/4/2)"]
[Site "?"]
[Date "1984.??.??"]
[Round "?"]
[White "Dangremond, Leonard"]
[Black "Stone, Ray"]
[Result "0-1"]
[WhiteElo "2010"]
[BlackElo "2290"]
[PlyCount "52"]
[EventDate "1984.??.??"]

{4/(2)} 1. e4 c5 2. Nf3 e6 3. d4 cxd4 4. Nxd4 Nc6 5. Nb5 d6 6. c4 Nf6 7. N1c3
a6 8. Nd4 Bd7 9. Be2 Rc8 10. Be3 Na5 11. b3 b5 12. O-O bxc4 13. b4 Nc6 14. a3
Be7 15. Rc1 Nb8 16. g4 h5 17. gxh5 Nc6 18. Kh1 Nxd4 19. Qxd4 Nxh5 20. Bxc4 Bf6
21. Qd3 Be5 22. f4 Qh4 23. fxe5 Ng3+ 24. Kg2 Qxh2+ 25. Kf3 Nxf1 26. Qxf1 Rh3+
0-1

[Event "East Detroit (MCO/6/13)"]
[Site "?"]
[Date "1984.??.??"]
[Round "?"]
[White "Dangremond, Leonard"]
[Black "Selitsky, B.."]
[Result "0-1"]
[WhiteElo "2010"]
[BlackElo "1750"]
[PlyCount "27"]
[EventDate "1984.??.??"]

{6/(13)} 1. e4 c5 2. Nf3 Nc6 3. d4 cxd4 4. Nxd4 Nf6 5. Nc3 e5 6. Ndb5 d6 7. Nd5
Nxd5 8. exd5 Ne7 9. c4 Ng6 10. Be2 Bd7 11. Nc3 Be7 12. O-O O-O 13. Be3 f5 14.
Bf3 {[Remainder illegible; 0-1, 49?]} 0-1

[Event "East Detroit (MCO/2/17)"]
[Site "?"]
[Date "1984.??.??"]
[Round "?"]
[White "Dangremond, Leonard"]
[Black "Collins, Charles"]
[Result "1-0"]
[WhiteElo "2010"]
[BlackElo "1605"]
[PlyCount "64"]
[EventDate "1984.??.??"]

{2/(17)} 1. e4 Nc6 2. d4 e6 3. f4 d5 4. e5 b6 5. Nf3 h6 6. Bd2 Nge7 7. Bd3 Bb7
8. O-O Qd7 9. c3 O-O-O 10. b4 Nf5 11. a4 g5 12. fxg5 hxg5 13. Nxg5 Bh6 14. Qc2
Bxg5 15. Bxg5 Rdg8 16. Rxf5 exf5 17. Bxf5 Rxg5 18. Bxd7+ Kxd7 19. Nd2 Ne7 20.
Rf1 Ke8 21. Nf3 Rgh5 22. Qe2 Bc8 23. c4 c6 24. c5 R5h6 25. cxb6 axb6 26. a5 Nf5
27. a6 Rxh2 28. Nxh2 Ng3 29. Qa2 Nxf1 30. Kxf1 Rxh2 31. a7 Bb7 32. a8=Q+ Bxa8
1-0

[Event "East Detroit (MCO/1/22)"]
[Site "?"]
[Date "1984.??.??"]
[Round "?"]
[White "Cyrul, R.."]
[Black "Smith, Walt"]
[Result "0-1"]
[WhiteElo "1605"]
[BlackElo "1955"]
[PlyCount "86"]
[EventDate "1984.??.??"]

{1/(22)} 1. e4 c5 2. Nf3 d6 3. d4 cxd4 4. Nxd4 Nf6 5. Nc3 g6 6. Be2 Nc6 7. Be3
Bg7 8. Qd2 Bd7 9. Nb3 Rc8 10. Bh6 Bxh6 11. Qxh6 Nb4 12. Qd2 Qc7 13. f3 a6 14.
a3 Nc6 15. O-O h5 16. Nd5 Nxd5 17. exd5 Ne5 18. Rac1 Qb6+ 19. Kh1 Ba4 20. Qd4
Qxd4 21. Nxd4 Bd7 22. c4 O-O 23. f4 Ng4 24. Rc3 Nf6 25. Re3 Rfe8 26. b3 b5 27.
h3 bxc4 28. bxc4 Kf8 29. f5 g5 30. Nf3 g4 31. Ng5 Kg7 32. hxg4 hxg4 33. Rf4
Rh8+ 34. Kg1 Rh5 35. Ne4 Rxf5 36. Rxf5 Bxf5 37. Ng3 e6 38. Nxf5+ exf5 39. Re7
Rb8 40. Ra7 g3 41. Rxa6 Rb1+ 42. Bf1 Ne4 43. Rc6 Nd2 0-1

[Event "Plymouth (MI Op/1a/14)"]
[Site "?"]
[Date "1984.??.??"]
[Round "?"]
[White "Current, R.."]
[Black "Palmer, Tony"]
[Result "0-1"]
[WhiteElo "1800"]
[BlackElo "2085"]
[PlyCount "68"]
[EventDate "1984.??.??"]

1. d4 Nf6 2. Nf3 e6 3. Nc3 d5 4. Bg5 Bb4 5. e3 h6 6. Bh4 O-O 7. Bd3 Nbd7 8. O-O
c6 9. Ne5 g5 10. Bg3 Nxe5 11. Bxe5 Nd7 12. Qh5 Nxe5 13. dxe5 Kg7 14. f4 Bc5 15.
Rf3 gxf4 16. Raf1 Qg5 17. Qh3 Qxe5 18. Ne2 Bxe3+ 19. Kh1 f5 20. Nxf4 Bxf4 21.
Rxf4 Bd7 22. R1f3 Qf6 23. Qh5 Be8 24. Rg3+ Kh7 25. Qh3 Rg8 26. Bxf5+ exf5 27.
Rxg8 Kxg8 28. Rxf5 Qg6 29. Rf3 Kh7 30. Rg3 Qxc2 31. Rg7+ Kxg7 32. Qg3+ Bg6 33.
Qe5+ Kf7 34. Qc7+ Kg8 0-1

[Event "Plymouth (MI Op/3/52)"]
[Site "?"]
[Date "1984.??.??"]
[Round "?"]
[White "Current, R.."]
[Black "Fraser, T.."]
[Result "0-1"]
[WhiteElo "1800"]
[BlackElo "1605"]
[PlyCount "82"]
[EventDate "1984.??.??"]

{3/(52)} 1. d4 Nf6 2. Nf3 g6 3. Nc3 Bg7 4. Bg5 O-O 5. e3 e6 6. Be2 Nc6 7. O-O
Re8 8. a3 d6 9. Nd2 e5 10. d5 Ne7 11. e4 Nd7 12. Nc4 Nb6 13. Ne3 Rf8 14. Qd3 h6
15. Bh4 g5 16. Bg3 f5 17. exf5 Bxf5 18. Nxf5 Nxf5 19. Ne4 Nd4 20. Bg4 Qe7 21.
c3 Nf5 22. Nd2 Qf7 23. Rad1 h5 24. Bf3 h4 25. Be4 Ne7 26. Nf3 hxg3 27. Nxg5
gxh2+ 28. Kh1 Qh5 29. Qg3 Nf5 30. Bxf5 Rxf5 31. Ne6 Rf7 32. f4 exf4 33. Rxf4
Qxd1+ 34. Kxh2 Qh5+ 35. Rh4 Qe5 36. Qxe5 Bxe5+ 37. Kh1 Rh7 38. Rxh7 Kxh7 39.
Nxc7 Rc8 40. Nb5 Rc5 41. a4 Nxd5 0-1

[Event "East Detroit (MCO/2/22)"]
[Site "?"]
[Date "1984.??.??"]
[Round "?"]
[White "Corbeill, Joe"]
[Black "Petrison, J.."]
[Result "1/2-1/2"]
[WhiteElo "1675"]
[BlackElo "2230"]
[PlyCount "90"]
[EventDate "1984.??.??"]

{2/(22)} 1. Nf3 d5 2. d4 Nf6 3. g3 g6 4. Bg2 Bg7 5. O-O O-O 6. Bg5 c6 7. Nbd2
Nbd7 8. c3 h6 9. Bxf6 Nxf6 10. Qb3 Qb6 11. Qxb6 axb6 12. Rfe1 Be6 13. a3 Rfe8
14. Ne5 Ng4 15. Nxg4 Bxg4 16. f3 Bd7 17. f4 f5 18. Nf3 Rec8 19. Ne5 Bxe5 20.
dxe5 e6 21. Red1 Be8 22. Rd2 Ra4 23. b3 Ra7 24. e3 Rca8 25. Rda2 b5 26. Kf2 c5
27. Bf3 h5 28. Ke1 Bc6 29. Kd2 Kf7 30. Kc2 Rh8 31. h4 Rha8 32. Kb2 Ke7 33. Rd1
b4 34. cxb4 cxb4 35. a4 b5 36. Rd4 bxa4 37. Rxb4 axb3 38. Rxa7+ Rxa7 39. Rxb3
Rb7 40. Rxb7+ Bxb7 41. Kb3 Kd7 42. Be2 Kc6 43. Kb4 Kb6 44. Bb5 Bc6 45. Bd3 Be8
1/2-1/2

[Event "East Detroit (MCO/6/17)"]
[Site "?"]
[Date "1984.??.??"]
[Round "?"]
[White "Corbeill, Joe"]
[Black "Johnson, Ri"]
[Result "0-1"]
[WhiteElo "1675"]
[BlackElo "1935"]
[PlyCount "88"]
[EventDate "1984.??.??"]

{6/(17)} 1. Nf3 c5 2. e4 Nc6 3. d4 cxd4 4. Nxd4 Nf6 5. Nc3 d6 6. Bc4 e6 7. Be3
Be7 8. Qd2 a6 9. a3 Qc7 10. Ba2 Bd7 11. O-O O-O 12. Qe2 Rfd8 13. f4 Rac8 14.
Nf3 Na5 15. Nd2 b5 16. Rad1 Nc4 17. Nxc4 bxc4 18. Rd4 Qb7 19. Rb1 d5 20. exd5
exd5 21. Rd2 Re8 22. Qf3 Bc6 23. Qg3 Bd6 24. Bxc4 Nh5 25. Qg5 Rxe3 26. Qxh5 Bc5
27. Kf1 Rxc3 28. Bd3 g6 29. Qd1 Rb8 30. Ke1 Rxa3 31. bxa3 Qxb1 32. Bxa6 Bxa3
33. Qxb1 Rxb1+ 34. Ke2 Rb4 35. g3 Kg7 36. Bd3 Bd7 37. c3 Rb2 38. Rxb2 Bxb2 39.
c4 d4 40. Be4 Kf6 41. Kd3 Bf5 42. c5 Bxe4+ 43. Kxe4 Ke6 44. g4 f5+ 0-1